Приоритеты и риски исполнения государственного задания на подготовку специалистов для современной экономики; Вестник науки Сибири; № 1 (7)
| Parent link: | Вестник науки Сибири: электронный научный журнал/ Томский политехнический университет (ТПУ).— , 2011-.— 2226-0064 № 1 (7).— 2013.— [С. 195-201] |
|---|---|
| מחברים אחרים: | , , , |
| סיכום: | Заглавие с титульного листа Особую специфику имеют формирование и финансовое обеспечение государственного задания в сфере образования. Государственное задание строится на основе прогнозируемой потребности субъектов Российской Федерации в специалистах с высшим профессиональным образованием по укрупненным группам специальностей. Руководству вузов необходимо правильно формировать государственные задания на оказание государственных услуг, увязывать объемы и качество данных услуг с объемами бюджетных ассигнований, спланированных и утвержденных учредителями на очередной финансовый год и плановый период. |
| שפה: | רוסית |
| יצא לאור: |
2013
|
| סדרה: | Экономика и менеджмент |
| נושאים: | |
| גישה מקוונת: | http://earchive.tpu.ru/handle/11683/16379 |
| פורמט: | MixedMaterials אלקטרוני Book Chapter |
| KOHA link: | https://koha.lib.tpu.ru/cgi-bin/koha/opac-detail.pl?biblionumber=505053 |
MARC
| LEADER | 00000naa2a2200000 4500 | ||
|---|---|---|---|
| 001 | 505053 | ||
| 005 | 20231101102922.0 | ||
| 035 | |a (RuTPU)RU\TPU\prd\175870 | ||
| 035 | |a RU\TPU\prd\175838 | ||
| 090 | |a 505053 | ||
| 100 | |a 20130418d2013 k y0rusy50 ca | ||
| 101 | 0 | |a rus | |
| 102 | |a RU | ||
| 135 | |a drnn ---uucaa | ||
| 181 | 0 | |a i | |
| 182 | 0 | |a b | |
| 200 | 1 | |a Приоритеты и риски исполнения государственного задания на подготовку специалистов для современной экономики |f О. Н. Римская [и др.] | |
| 203 | |a Текст |c электронный | ||
| 215 | |a 1 файл (342 Кб) | ||
| 225 | 1 | |a Экономика и менеджмент | |
| 230 | |a Электронные текстовые данные (1 файл : 342 Кб) | ||
| 300 | |a Заглавие с титульного листа | ||
| 320 | |a [Библиогр.: с. 200-201 (9 назв.)] | ||
| 330 | |a Особую специфику имеют формирование и финансовое обеспечение государственного задания в сфере образования. Государственное задание строится на основе прогнозируемой потребности субъектов Российской Федерации в специалистах с высшим профессиональным образованием по укрупненным группам специальностей. Руководству вузов необходимо правильно формировать государственные задания на оказание государственных услуг, увязывать объемы и качество данных услуг с объемами бюджетных ассигнований, спланированных и утвержденных учредителями на очередной финансовый год и плановый период. | ||
| 337 | |a Adobe Reader | ||
| 461 | 1 | |0 (RuTPU)RU\TPU\prd\143680 |x 2226-0064 |t Вестник науки Сибири |o электронный научный журнал |f Томский политехнический университет (ТПУ) |d 2011- | |
| 463 | 1 | |0 (RuTPU)RU\TPU\prd\174137 |t № 1 (7) |v [С. 195-201] |d 2013 | |
| 610 | 1 | |a российская экономика | |
| 610 | 1 | |a государственные задания | |
| 610 | 1 | |a контрольные цифры приема | |
| 610 | 1 | |a бюджетные субсидии | |
| 610 | 1 | |a высшее профессиональное образование | |
| 610 | 1 | |a электронный ресурс | |
| 675 | |a 334.021 |v 3 | ||
| 701 | 1 | |a Римская |b О. Н. |g Ольга Николаевна | |
| 701 | 1 | |a Чичелёв |b М. Е. |g Михаил Евгеньевич | |
| 701 | 1 | |a Лялина |b И. В. |g Ирина Владимировна | |
| 701 | 1 | |a Кранбихлер |b В. С. |g Владислав Сергеевич | |
| 801 | 1 | |a RU |b 63413507 |c 20090623 |g PSBO | |
| 801 | 2 | |a RU |b 63413507 |c 20180115 |g PSBO | |
| 856 | 4 | |u http://earchive.tpu.ru/handle/11683/16379 | |
| 942 | |c BK | ||